Singing Competition Grab Bag (US) Quiz Stats

 Plays Quiz Updated Dec 23, 2016

Challenge
Share
Tweet
Embed
Score 0/29 Timer 05:00
0 Plays Today
TV Show Judge % Correct
American IdolSimon Cowell
96.3%
The X FactorSimon Cowell
96.3%
The X FactorPaula Abdul
91.4%
American IdolPaula Abdul
91.4%
American IdolRandy Jackson
86.9%
The VoiceChristina Aguilera
78.6%
The VoiceCee Lo Green
74.3%
The VoiceAdam Levine
73.8%
The X FactorBritney Spears
71.9%
American IdolJennifer Lopez
69%
American IdolSteven Tyler
67.4%
The VoiceBlake Shelton
66.7%
American IdolNicki Minaj
66.1%
American IdolMariah Carey
65.6%
The VoiceMiley Cyrus
59.8%
TV Show Judge % Correct
American IdolKeith Urban
55.7%
The VoiceGwen Stefani
53.6%
The VoiceAlicia Keys
52.3%
The X FactorDemi Lovato
51.8%
American IdolEllen DeGeneres
51.1%
The VoicePharrell Williams
48.4%
The VoiceUsher
41.6%
American IdolHarry Connick Jr.
40.7%
The VoiceShakira
39.9%
The X FactorL. A. Reid
32.6%
The X FactorNicole Scherzinger
28.7%
American IdolKara DioGuardi
25.8%
The X FactorKelly Rowland
22.9%
The X FactorPaulina Rubio
16.6%

You're not logged in!

Compare scores with friends on all Sporcle quizzes.
Join for Free
OR
Log In

You Might Also Like...

Show Comments

Extras

Top Quizzes Today


Score Distribution

Your Account Isn't Verified!

In order to create a playlist on Sporcle, you need to verify the email address you used during registration. Go to your Sporcle Settings to finish the process.

Report this User

Report this user for behavior that violates our Community Guidelines.

Details: